MARC

LEADER 00000nam0a2200000 4500
001 120744
005 20231101215630.0
020 |a RU  |b 83-37660 
035 |a (RuTPU)RU\TPU\book\130747 
090 |a 120744 
100 |a 20070904d1983 km y0rusy5003 ca 
101 0 |a rus 
102 |a RU 
105 |a a z 000zy 
200 1 |a Очерки геохимии  |f В. И. Вернадский  |g Академия наук СССР (АН СССР), Институт геохимии и аналитической химии (ГЕОХИ) ; под ред. В. С. Неаполитанской 
205 |a 7-е (4-е рус.) изд. 
210 |a Москва  |c Наука  |d 1983 
215 |a 422 с.  |c ил. 
610 1 |a геохимия 
610 1 |a теория 
610 1 |a история 
610 1 |a химические элементы 
610 1 |a геосфера 
610 1 |a марганец 
610 1 |a силикаты 
610 1 |a кремний 
610 1 |a углерод 
610 1 |a земная кора 
675 |a 550.4  |z rus 
700 1 |a Вернадский  |b В. И.  |c российский учёный  |c естествоиспытатель, мыслитель и общественный деятель  |f 1863-1945  |g Владимир Иванович  |2 stltpush  |3 (RuTPU)RU\TPU\pers\417  |9 207 
702 1 |a Неаполитанская  |b В. С.  |4 340 
712 0 2 |a Академия наук СССР (АН СССР)  |b Институт геохимии и аналитической химии (ГЕОХИ)  |c (Москва)  |2 stltpush  |3 (RuTPU)RU\TPU\col\11383 
801 0 |a RU  |b RuMRKP  |c 19950704  |g psbo 
801 1 |a RU  |b 63413507  |c 20070904  |g PSBO 
801 2 |a RU  |b 63413507  |c 20171225  |g PSBO 
942 |c BK